[Event "27th CRO-chT 1B-Men 2018"]
[Site "Biograd"]
[Date "2018.09.17"]
[Round "3.10"]
[White "Rogulj, Branko"]
[Black "Vlaic, Branko"]
[Result "1-0"]
[WhiteElo "2404"]
[BlackElo "2246"]
[Annotator "TA"]
[PlyCount "51"]
[EventDate "2018.09.15"]
[EventType "team-tourn"]
[EventCountry "CRO"]
[SourceTitle "playchess.com"]
[Source "ChessBase"]
[SourceQuality "1"]

{[%evp 13,51,48,64,64,64,55,61,61,62,62,81,58,73,58,85,94,110,81,129,72,118,114,147,150,170,131,217,225,253,220,504,503,888,854,815,687,687,661,657,660]} 1. e4 g6 2. d4 Bg7 3. Nc3 d5 4. exd5 Nf6 5. Bc4 Nbd7 6. Nf3 Nb6 {B06: Moderne Verteidigung} 7. Bb3 a5 {LiveBook: 15 Partien} (7... O-O 8. O-O a5 9. a3 a4 10. Ba2 Nbxd5 11. Nxd5 Nxd5 12. Bg5 Bf6 13. Qd2 c6 14. Rfe1 {½-½ (38) Swiercz,D (2649)-Djukic,N (2526) Minsk 2017}) 8. Na4 Nbxd5 {Weiß steht etwas besser.} 9. c4 Nb4 10. O-O O-O 11. a3 Na6 12. h3 c6 13. Qe2 $146 ({Vorgänger:} 13. Nc3 Nc7 14. Re1 {½-½ (48) Rogers,J (2331)-Fernandez,D (2496) England 2018}) 13... Bd7 14. Re1 e6 15. Bg5 h6 16. Bh4 ({Besser ist} 16. Bf4) 16... b5 17. Nc3 $36 {[%mdl 2048] Schwarz steht unter starkem Druck.} Qb6 18. c5 Qb7 19. Ne5 g5 (19... Be8 $16 20. Qf3 g5) 20. Bg3 $18 {[%cal Bh4g3,Bg3f4,Bf4g5][%mdl 32]} Rad8 21. Bc2 {zielt auf Dd3 ab.} Nc7 $2 {[#]} (21... Bc8 {war nötig.} 22. Red1 b4) 22. Qd3 {Weiß steht klar auf Gewinn.} h5 (22... Rfe8 $142 23. Ng4 Nxg4 24. Qh7+ (24. hxg4 f5 $16) 24... Kf8 25. Bd6+ Re7 26. Bxe7+ Kxe7 27. Qxg7 Nf6) 23. f4 gxf4 24. Bxf4 Nce8 25. Bg5 Bc8 26. Rf1 {Precision: Weiß = 47%, Schwarz = 32%.} 1-0

[Event "27th CRO-chT 1B-Men 2018"]
[Site "Biograd"]
[Date "2018.09.17"]
[Round "3.11"]
[White "Malenica, Mario"]
[Black "Vujakovic, Branko"]
[Result "1/2-1/2"]
[WhiteElo "2212"]
[BlackElo "2340"]
[Annotator "TA"]
[PlyCount "103"]
[EventDate "2018.09.15"]
[EventType "team-tourn"]
[EventCountry "CRO"]
[SourceTitle "playchess.com"]
[Source "ChessBase"]
[SourceQuality "1"]

{[%evp 24,103,-8,-10,1,5,34,32,52,53,63,53,53,49,81,76,147,139,134,125,141,118,122,96,113,113,113,113,116,113,116,116,120,113,116,108,108,102,113,113,113,113,113,113,113,113,131,131,131,139,139,139,148,148,147,94,90,0,54,0,0,0,0,0,0,0,0,0,0,0,0,0,0,0,0,0,0,0,0,0,0,0]} 1. c4 Nf6 2. Nc3 d5 3. cxd5 Nxd5 4. g3 g6 5. Bg2 Nb6 6. Nf3 Bg7 7. O-O O-O 8. d3 Nc6 9. Be3 e5 10. a4 a5 11. Bxb6 {A16: English Opening: 1...Nf6 with ...d5} (11. Rc1 Re8 12. Bxb6 cxb6 13. Nd2 Bh6 {½-½ (13) Mirzoev,A (2564)-Babaev,R (2491) Baku 2009}) 11... cxb6 12. Nd2 Be6 13. Nc4 {LiveBook: 3 Games} Rc8 14. Nb5 Bxc4 15. dxc4 Nd4 $146 ({Predecessor:} 15... Qxd1 16. Rfxd1 Nd4 17. e3 Nb3 18. Ra3 Nc5 {1-0 (86) Sznapik,A (2434)-Przezdziecka,M (2278) Warsaw 2010}) 16. Nxd4 Qxd4 17. Bd5 Rc7 18. e3 Qc5 19. Ra3 b5 (19... Qe7 $142) 20. axb5 $16 b6 21. Ra4 Re8 22. Qd2 Bf8 23. Rb1 Qe7 24. b4 axb4 25. Rbxb4 Qf6 26. Rb2 {[%cal Bb4b2,Bb2a2,Ba2a8][%mdl 32]} Kg7 27. Rba2 Bc5 28. Bc6 Rd8 29. Qe2 Qe7 30. h4 h5 31. Ra8 Rxa8 32. Rxa8 Ra7 33. Re8 Qf6 34. Qb2 Re7 35. Ra8 Qd6 36. Kg2 Qf6 37. Qa1 Qd6 38. Bd5 Rd7 39. f4 (39. Rc8 $142) 39... Re7 40. Kf3 ({Better is} 40. e4 $16) 40... Kh7 ({Black should play} 40... Qd7 $11) 41. Rf8 ({White should try} 41. Qc3 $14) 41... Qf6 $11 {The position is equal.} 42. e4 Bd4 43. Qc1 Ra7 {[#] White must now prevent ...Ra2.} 44. Kg2 Bc5 45. Ra8 $1 {[%cal Ra8a7]} Rxa8 46. Bxa8 exf4 47. Qxf4 Qb2+ 48. Kh3 Qa1 {[%cal Ra1h1] [#]} 49. Qxf7+ Kh6 {[%cal Ra1h1]} 50. Qf4+ Kh7 {[%cal Ra1h1]} 51. Qf7+ Kh6 {[%cal Ra1h1]} 52. Qf4+ {Precision: White = 62%, Black = 70%.} 1/2-1/2

[Event "27th CRO-chT 1B-Men 2018"]
[Site "Biograd"]
[Date "2018.09.19"]
[Round "3.12"]
[White "Blazeka, Matej"]
[Black "Grgurevic, Boris"]
[Result "1-0"]
[WhiteElo "2354"]
[BlackElo "2145"]
[Annotator "TA"]
[PlyCount "97"]
[EventDate "2018.09.15"]
[EventType "team-tourn"]
[EventCountry "CRO"]
[SourceTitle "playchess.com"]
[Source "ChessBase"]
[SourceQuality "1"]

{[%evp 10,97,58,39,56,50,74,36,68,39,87,63,58,69,68,70,102,44,81,31,39,27,14,29,22,30,87,77,89,89,97,89,89,93,115,118,119,123,123,123,123,123,242,235,238,214,278,206,278,278,351,336,352,299,410,288,385,385,385,343,445,440,418,168,447,410,501,478,470,393,464,0,441,431,431,425,1382,889,1412,1322,29974,29975,29975,29976,29977,29978,29978,29976,29978,29977]} 1. e4 g6 2. d4 Bg7 3. Be3 d6 4. Qd2 Nf6 {[%cal Bg8f6,Bf6e8,Be8c7,Bc7e6][%mdl 32]} 5. f3 O-O 6. Ne2 {LiveBook: 6 Games. B07: Pirc Defence: Miscellaneous Systems} Nbd7 (6... c5 7. Nbc3 Qa5 8. g4 Nc6 9. h4 b5 10. h5 b4 11. Nd5 Nxd5 12. exd5 cxd4 {1-0 (63) Ponomariov,R (2731)-Dominguez Perez,L (2754) Beijing 2013}) 7. g4 {[%cal Bg2g4,Bg4g5][%mdl 32]} c5 8. c3 {White is better.} b5 $146 ({Predecessor:} 8... e5 9. Ng3 exd4 10. cxd4 d5 11. g5 Ne8 12. Nc3 dxe4 13. f4 c4 14. Ngxe4 {1-0 (40) Sariego,W (2405)-Pupo,E (2375) Cuba 1993}) 9. g5 Ne8 10. Na3 Qa5 11. h4 Nc7 12. h5 Ne6 13. hxg6 (13. Nc2 $16) 13... hxg6 14. Bh3 (14. f4 {seems wilder.} Bb7 15. d5 Nc7 16. Ng3 Rfd8 17. Qh2) 14... cxd4 15. cxd4 Qxd2+ $1 16. Kxd2 Nb6 17. b3 ({Reject} 17. Nxb5 Nc4+ 18. Kd3 Nxb2+ 19. Kd2 Rb8 $15) 17... Bd7 (17... b4 $11 {keeps the balance.} 18. Nc4 Ba6) 18. Raf1 d5 19. Bxe6 fxe6 20. e5 a5 21. Nc2 {[%cal Ba3c2,Bc2e1,Be1d3][%mdl 32]} Rac8 22. Nf4 Kf7 23. Ne1 b4 24. Ned3 Bb5 25. Rc1 Bxd3 (25... Nd7 $16) 26. Rxc8 $18 ({Much less strong is} 26. Nxd3 $6 Nd7 $16) 26... Rxc8 27. Nxd3 Nd7 28. Bf2 Ke8 {[#]} 29. Rc1 $1 {[%cal Rc1c8]} Kd8 30. Nf4 Nf8 31. Be1 Rc7 32. Rc2 Kd7 33. Rxc7+ Kxc7 {[%mdl 4096] Endgame KBN-KBN} 34. Kc2 Kb6 35. Kb2 Kb5 36. a3 bxa3+ 37. Kxa3 Bh8 38. Bd2 Bg7 {Black hopes to continue with ...Bh8.} 39. Bc3 Bh8 {and the idea ...Bg7 leaves Black hopeful.} 40. Bd2 Bg7 41. Bc1 Bh8 42. Ka2 Kb4 (42... Kc6 $142 43. Ba3 Kd7) 43. Ba3+ Kc3 44. Bxe7 Bg7 45. Bxf8 {White mates.} Bxf8 46. Nxe6 Be7 47. f4 Kd3 {[#]} 48. f5 $1 gxf5 49. g6 {Precision: White = 74%, Black = 39%.} 1-0

[Event "27th CRO-chT 1B-Men 2018"]
[Site "Biograd"]
[Date "2018.09.17"]
[Round "3.13"]
[White "Brkic, Ante"]
[Black "Ruck, Robert"]
[Result "1/2-1/2"]
[WhiteElo "2565"]
[BlackElo "2505"]
[Annotator "TA"]
[PlyCount "51"]
[EventDate "2018.09.15"]
[EventType "team-tourn"]
[EventCountry "CRO"]
[SourceTitle "playchess.com"]
[Source "ChessBase"]
[SourceQuality "1"]

{[%evp 20,51,43,46,27,29,64,15,12,0,0,0,0,0,8,8,6,0,0,1,0,-58,0,0,0,0,0,0,2,-4,0,0,0,0]} 1. e4 c5 2. Nf3 e6 3. d4 cxd4 4. Nxd4 Nc6 5. Nc3 Qc7 6. Be3 a6 7. a3 b5 8. Nxc6 Qxc6 9. Be2 Bb7 {B49: Sicilian: Taimanov: 5 Nc3 Qc7 6 Be3 a6 7 Be2} 10. O-O Rc8 11. Qd2 {LiveBook: 4 Games} (11. Bd4 Qc7 12. Qd3 Nf6 13. f4 Be7 14. Bf3 O-O 15. e5 Ne8 16. f5 Bxf3 17. Rxf3 Qc4 18. Qd2 f6 19. exf6 Nxf6 20. Kh1 a5 21. Bxf6 Bxf6 22. Qxd7 exf5 23. Rxf5 Bxc3 {½-½ (23) Kobalia,M (2599)-Najer,E (2683) Batumi 2018}) 11... Nf6 {White is slightly better.} 12. Rfd1 h6 $146 ({Predecessor:} 12... Qc7 13. Bf4 e5 14. Bg5 Nxe4 15. Nxe4 Bxe4 16. c4 Qb7 17. Rac1 {1-0 (31) Suto,J (2396)-Runting,T (2362) ICCF email 2016}) 13. f3 Bc5 14. Kh1 Bxe3 15. Qxe3 Qc5 16. Qd2 O-O 17. Qd6 Rc6 18. Qxc5 Rxc5 19. Rd6 Rb8 20. Rb6 (20. Kg1 $11) 20... Rc6 (20... d5 $15 21. exd5 exd5) 21. Rxc6 $11 {The position is equal.} Bxc6 22. Kg1 Kf8 23. Kf2 Ke7 24. Ke3 d6 25. Na2 Nd7 26. Nb4 {Precision: White = 62%, Black = 71%.} 1/2-1/2

[Event "27th CRO-chT 1B-Men 2018"]
[Site "Biograd"]
[Date "2018.09.19"]
[Round "3.14"]
[White "Horvath, Adam"]
[Black "Kadric, Denis"]
[Result "1/2-1/2"]
[WhiteElo "2482"]
[BlackElo "2543"]
[Annotator "TA"]
[PlyCount "90"]
[EventDate "2018.09.15"]
[EventType "team-tourn"]
[EventCountry "CRO"]
[SourceTitle "playchess.com"]
[Source "ChessBase"]
[SourceQuality "1"]

{[%evp 11,90,41,27,21,35,34,30,14,21,37,14,21,39,36,74,70,67,62,50,27,13,12,35,34,41,53,63,52,54,52,50,58,58,39,50,42,53,37,82,81,75,50,85,37,186,199,173,178,186,176,256,265,451,443,504,510,437,472,464,460,434,456,491,465,443,415,446,-30,-36,-22,0,0,0,0,0,0,0,0,0,0,0]} 1. e4 Nc6 2. Nf3 d6 3. d4 Nf6 4. Nc3 g6 5. Bg5 (5. d5 Nb8 6. Be3 Bg7 7. Qd2 O-O 8. h3 c6 9. g4 b5 10. a3 Qa5 11. Rb1 b4 12. axb4 Qxb4 13. Bd3 cxd5 {½-½ (57) Bacrot,E (2714)-Hera,I (2620) Brest 2018}) 5... Bg7 6. Qd2 {B00: Queen's Fianchetto Defence, Nimzowitsch Defence} h6 {LiveBook: 3 Games} 7. Bh4 a6 8. O-O-O $146 {White is slightly better.} ({Predecessor:} 8. h3 Bd7 9. Be2 O-O 10. e5 Nh7 11. exd6 cxd6 12. O-O Ng5 13. Bxg5 hxg5 {0-1 (34) Albano,M (2230)-Gaggiottini,M (2105) Italy 1996}) 8... b5 9. d5 {[%cal Bd4d5,Bd5c6][%mdl 32]} Na7 10. e5 dxe5 11. Nxe5 Bb7 12. Qe3 Nc8 13. Nc6 Bxc6 14. dxc6 Nd6 15. Nd5 Nxd5 16. Rxd5 g5 17. Bg3 e6 18. Be5 Kf8 19. Rd2 Qe7 20. Be2 Bxe5 21. Qxe5 {[%cal Re5h8] [#]} f6 22. Qe3 Kg7 23. Rhd1 Rhd8 24. h4 f5 25. hxg5 hxg5 26. f4 g4 27. c4 Qf6 (27... bxc4 $14 28. Qc5 Kf6) 28. c5 $18 Nf7 29. Rd7 Rxd7 30. Rxd7 ({Resist} 30. cxd7 $6 Rd8 $14) 30... Re8 (30... Rc8 $142 31. Bd1 Kf8) 31. Rxc7 e5 $2 (31... Kf8 32. Bd1 Qd8) 32. Bd1 Kf8 33. Bb3 exf4 34. Qxf4 ({Less strong is} 34. Rxf7+ Qxf7 35. Qxf4 Qf6 $16) 34... Ne5 {[#] Threatens to win with ...Nd3+.} 35. Qd4 Qh6+ 36. Kc2 f4 37. Qd6+ Qxd6 38. cxd6 {[%mdl 4096] Endgame KRB-KRN} f3 39. Rh7 $2 ({White should play} 39. d7 $18 Rd8 40. gxf3) 39... fxg2 $11 40. d7 g1=Q {The position is equal.} 41. Rh8+ Kg7 {( -> ...Qf2+)} 42. dxe8=Q Qf2+ 43. Kd1 Qf1+ 44. Kc2 Qf2+ 45. Kd1 Qf1+ {Precision: White = 58%, Black = 54%.} 1/2-1/2

[Event "27th CRO-chT 1B-Men 2018"]
[Site "Biograd"]
[Date "2018.09.17"]
[Round "3.15"]
[White "Maier, Christian"]
[Black "Dabo-Peranic, Robert"]
[Result "0-1"]
[WhiteElo "2357"]
[BlackElo "2284"]
[Annotator "TA"]
[PlyCount "56"]
[EventDate "2018.09.15"]
[EventType "team-tourn"]
[EventCountry "CRO"]
[SourceTitle "playchess.com"]
[Source "ChessBase"]
[SourceQuality "1"]

{[%evp 9,56,-125,-113,-114,-107,-135,-145,-143,-143,-139,-133,-160,-176,-180,-157,-165,-116,-118,-113,-150,-144,-157,-156,-156,-154,-156,-156,-160,-154,-153,-154,-152,-154,-157,-155,-372,-379,-367,-366,-418,-418,-435,-418,-462,-327,-310,-312,-320,-319]} 1. Nf3 d5 2. c4 d4 3. b4 f6 4. e3 e5 5. Qc2 (5. c5 a5 6. Qa4+ Bd7 7. b5 Bxc5 8. Bc4 Ne7 9. exd4 exd4 10. Ba3 Bxa3 11. Nxa3 Bg4 12. Nxd4 Nd7 {½-½ (38) Caruana,F (2823)-Topalov,V (2760) Saint Louis 2016}) 5... Bxb4 $146 ({Predecessor:} 5... dxe3 6. fxe3 Bxb4 7. Bd3 Ne7 8. O-O Nbc6 9. Bxh7 f5 10. Ng5 Qd6 11. d4 Qh6 12. e4 f4 13. dxe5 Qxg5 14. Bxf4 {0-1 (20) Rowe,D (2221)-Zhukova,N (2449) Caleta 2014}) 6. exd4 {A09: Réti Opening: 1 Nf3 d5 2 c4} exd4 7. Qe4+ Qe7 8. Qxe7+ {Black is clearly better.} Nxe7 9. Nxd4 Nbc6 {[%cal Bb8c6,Bc6e5,Be5d3][%mdl 32]} 10. Nc2 Bf5 11. Ne3 O-O-O 12. Nc3 Bxc3 13. dxc3 Ne5 14. Ba3 {[#]} Rhe8 $1 15. Rd1 {[#]} Nd3+ $1 16. Bxd3 Bxd3 17. Bxe7 Rxe7 18. Kd2 Bxc4+ 19. Kc2 {Black must now prevent Rxd8+.} Rxd1 20. Rxd1 $17 {[%mdl 4096] Endgame KRB-KRN} Be6 21. Rd4 c5 22. Re4 $2 {[#]} (22. Rf4 $17 {is a better defense.}) 22... Bb3+ $1 $19 {[%mdl 512]} 23. Kd3 (23. axb3 Rxe4) 23... Rxe4 24. Kxe4 Bxa2 25. c4 Kd7 26. Kd5 b5 27. Kxc5 Bxc4 28. Nf5 g6 {Precision: White = 35%, Black = 83%.} 0-1

[Event "27th CRO-chT 1B-Men 2018"]
[Site "Biograd"]
[Date "2018.09.17"]
[Round "3.16"]
[White "Martic, Zlatko"]
[Black "Stocko, Josip"]
[Result "1/2-1/2"]
[WhiteElo "2244"]
[BlackElo "2322"]
[Annotator "ChessBase"]
[PlyCount "61"]
[EventDate "2018.09.15"]
[EventType "team-tourn"]
[EventCountry "CRO"]
[SourceTitle "playchess.com"]
[Source "ChessBase"]
[SourceQuality "1"]
[TimeControl "40/5400+30:1800+30"]

1. d4 {[%emt 0:02:30]} Nf6 {[%emt 0:00:30]} 2. c4 {[%emt 0:00:30]} e6 {[%emt 0:00:00]} 3. Nf3 {[%emt 0:00:30]} Bb4+ {[%emt 0:00:00]} 4. Nbd2 {[%emt 0:00:30]} O-O {[%emt 0:00:30]} 5. a3 {[%emt 0:00:30]} Be7 {[%emt 0:00:30]} 6. e4 {[%emt 0:00:30]} d6 {[%emt 0:00:30]} 7. Be2 {[%emt 0:00:30]} Nbd7 {[%emt 0:01:30]} 8. Qc2 {[%emt 0:01:30]} e5 {[%emt 0:02:30]} 9. b4 {[%emt 0:09:30]} a5 {[%emt 0:07:30]} 10. Bb2 {[%emt 0:05:30]} axb4 {[%emt 0:00:30]} 11. axb4 {[%emt 0:00:00]} Rxa1+ {[%emt 0:00:30]} 12. Bxa1 {[%emt 0:00:00]} Re8 {[%emt 0:07:30]} 13. d5 {[%emt 0:01:30]} c5 {[%emt 0:01:30]} 14. b5 {[%emt 0:08:30]} g6 {[%emt 0:07:30]} 15. O-O {[%emt 0:01:30]} Nh5 {[%emt 0:05:30]} 16. g3 {[%emt 0:00:30]} Ng7 {[%emt 0:00:30]} 17. Ne1 {[%emt 0:08:30]} f5 {[%emt 0:03:30]} 18. Bd3 {[%emt 0:09:30]} f4 {[%emt 0:01:30]} 19. f3 {[%emt 0:02:30]} g5 {[%emt 0:02:30]} 20. g4 {[%emt 0:01:30]} Kf7 {[%emt 0:01:30]} 21. h3 {[%emt 0:06:30]} h5 {[%emt 0:00:30]} 22. Rf2 {[%emt 0:03:30]} Rh8 {[%emt 0:00:00]} 23. Nf1 {[%emt 0:04:30]} Nf6 {[%emt 0:03:00]} 24. Be2 {[%emt 0:04:30]} hxg4 {[%emt 0:01:30]} 25. hxg4 {[%emt 0:00:30]} Rh4 {[%emt 0:01:30]} 26. Rh2 {[%emt 0:01:30]} Qh8 {[%emt 0:01:30]} 27. Ng2 {[%emt 0:05:30]} Rxh2 {[%emt 0:06:30]} 28. Nxh2 {[%emt 0:00:00]} Nd7 {[%emt 0:03:30]} 29. Qa2 {[%emt 0:01:00]} Bd8 {[%emt 0:03:30]} 30. Bc3 {[%emt 0:00:30]} Bb6 {[%emt 0:07:30]} 31. Qa8 {[%emt 0:01:30]} 1/2-1/2

[Event "27th CRO-chT 1B-Men 2018"]
[Site "Biograd"]
[Date "2018.09.17"]
[Round "3.17"]
[White "Pucovski, Miroslav"]
[Black "Rubil, Marko"]
[Result "1/2-1/2"]
[WhiteElo "2241"]
[BlackElo "2201"]
[Annotator "TA"]
[PlyCount "34"]
[EventDate "2018.09.15"]
[EventType "team-tourn"]
[EventCountry "CRO"]
[SourceTitle "playchess.com"]
[Source "ChessBase"]
[SourceQuality "1"]

{[%evp 18,34,14,0,11,14,14,17,31,22,27,28,33,34,28,12,17,19,39]} 1. e4 e5 2. Nf3 Nc6 3. Bc4 Bc5 4. c3 Nf6 5. d3 a6 6. Bb3 Ba7 7. Nbd2 {[%cal Bb1d2,Bd2f1,Bf1g3][%mdl 32]} d6 8. Nf1 O-O 9. Ng3 h6 10. O-O Re8 {C54: Giuoco Piano: 4 c3 Nf6, main lines with 5 d4 and 5 d3} 11. Re1 Be6 12. Bxe6 (12. Bc2 d5 13. exd5 Bxd5 14. Be3 Bxe3 15. Rxe3 Qd7 16. h3 Re7 17. Qd2 Rae8 18. Rae1 {0-1 (27) Aronian,L (2764)-Karjakin,S (2782) Leuven 2018}) 12... fxe6 13. Be3 Qd7 $146 ({Predecessor:} 13... Bxe3 14. Rxe3 Qd7 15. h3 Qf7 16. Qb3 Rab8 17. Rae1 b5 18. d4 {0-1 (40) Eisenbeiser,A (2363)-Krivonosov,O (2442) Germany 2014}) 14. Bxa7 Rxa7 15. d4 exd4 16. Nxd4 Raa8 17. Nxc6 Qxc6 1/2-1/2

[Event "27th CRO-chT 1B-Men 2018"]
[Site "Biograd"]
[Date "2018.09.19"]
[Round "3.18"]
[White "Matanovic, Luka"]
[Black "Bubalovic, Davorin"]
[Result "0-1"]
[WhiteElo "2252"]
[BlackElo "2206"]
[Annotator "TA"]
[PlyCount "88"]
[EventDate "2018.09.15"]
[EventType "team-tourn"]
[EventCountry "CRO"]
[SourceTitle "playchess.com"]
[Source "ChessBase"]
[SourceQuality "1"]

{[%evp 14,88,31,22,14,12,14,15,51,49,36,0,0,0,0,-7,-1,0,7,-15,31,40,42,45,50,39,43,46,83,16,27,6,12,0,4,-53,0,-25,-31,-75,-62,-48,-47,-103,-118,-109,-95,-104,-114,-156,-56,-50,-58,-56,-46,-56,-37,-39,-40,-74,-30,-56,0,-52,0,-49,56,-47,-45,-36,-36,-43,-62,-53,-68,-6343,-6343]} 1. e4 c5 2. Nf3 e6 3. g3 Nc6 4. Bg2 e5 (4... Nf6 5. d3 d6 6. O-O Be7 7. c3 O-O 8. Nbd2 {½-½ (8) Morozevich,A (2656)-Chigaev,M (2593) Cheliabinsk 2018}) 5. O-O Nf6 6. c3 {B40: Sicilian: 2...e6, Unusual lines} d6 7. Re1 Be7 8. h3 {LiveBook: 3 Games. White is slightly better.} Qb6 9. Na3 {[%cal Bb1a3,Ba3b5,Bb5c7][%mdl 32]} Be6 $146 ({Predecessor:} 9... h6 10. d3 Be6 11. Nc4 Qc7 12. Ne3 d5 13. exd5 Nxd5 {1-0 (44) Ujj,D (2242)-Trajber,C (2012) Hungary 2016}) 10. Ng5 O-O 11. Nxe6 fxe6 12. Qb3 Qxb3 13. axb3 Na5 14. Nb5 Nxb3 15. Ra3 Nxc1 16. Rxc1 a6 17. Nc7 $1 {[%csl LRa8,LRe6]} Rac8 18. Nxe6 Rfe8 19. Rb3 Rb8 20. d4 Bf8 21. Nxf8 ({White should try} 21. d5 $16) 21... Kxf8 $11 22. dxc5 dxc5 23. Rd1 Re6 24. f4 ({Better is} 24. c4 $11) 24... Ke7 (24... c4 $15 25. f5 cxb3 26. fxe6 Ke7) 25. Ra1 c4 $36 {[%mdl 2048] Black has some pressure.} 26. Rb4 b5 27. b3 cxb3 28. fxe5 (28. Rxb3 $15 Nd7 29. Rba3) 28... Nd7 $17 ({Much worse is} 28... Rxe5 $6 29. Rxa6 Rd8 30. Rxb3 $11) 29. Rxb3 Nxe5 30. Bf1 Rd8 31. Be2 Rc6 (31... Rd2 $17 32. Kf1 Nd7) 32. Kf2 $15 Nd7 33. Ke3 Nc5 34. Rb4 Re6 35. h4 h6 36. Rf1 Rdd6 37. Rf4 Rd8 (37... Na4 $15 38. c4 Nc3) 38. c4 (38. Rf1 $11) 38... bxc4 (38... g5 $15 39. hxg5 hxg5) 39. Bxc4 Re5 (39... g5 $15 40. Rg4 Re5) 40. Rb6 (40. Rf7+ $14 Ke8 41. Rf5 (41. Rxg7 a5 $11) 41... Rxf5 42. exf5) 40... g5 $1 {[%cal Rg5f4]} 41. hxg5 hxg5 42. Rg4 {Threatening Rg6.} Rd6 43. Rb8 $1 Nd7 44. Kf3 $2 {[%mdl 8192] [#]} (44. Rg8 $15 Nf6 45. Rg7+ Kd8 46. R7xg5) 44... Nxb8 {Precision: White = 33%, Black = 57%.} 0-1

[Event "27th CRO-chT 1B-Men 2018"]
[Site "Biograd"]
[Date "2018.09.17"]
[Round "3.19"]
[White "Saric, Ante"]
[Black "Radovanovic, Nikola"]
[Result "1-0"]
[WhiteElo "2535"]
[BlackElo "2420"]
[Annotator "TA"]
[PlyCount "32"]
[EventDate "2018.09.15"]
[EventType "team-tourn"]
[EventCountry "CRO"]
[SourceTitle "playchess.com"]
[Source "ChessBase"]
[SourceQuality "1"]

{[%evp 1,1,22]} 1. d4 {Predecessor:} Nf6 $146 2. c4 g6 3. Nf3 Bg7 4. g3 c6 5. Bg2 d5 6. Nbd2 a5 7. b3 a4 8. Ba3 axb3 9. axb3 O-O 10. O-O Re8 11. e3 Bf5 12. Qe2 Na6 13. Ne5 Ne4 14. cxd5 cxd5 15. Nxe4 Bxe4 16. Bxe4 dxe4 {½-½ (58) Mamedyarov,S (2801)-Carlsen,M (2842) Saint Louis 2018} 1-0

[Event "27th CRO-chT 1B-Men 2018"]
[Site "Biograd"]
[Date "2018.09.17"]
[Round "3.21"]
[White "Saric, Ibro"]
[Black "Ostovic, Matija"]
[Result "1-0"]
[WhiteElo "2546"]
[BlackElo "2390"]
[Annotator "TA"]
[PlyCount "117"]
[EventDate "2018.09.15"]
[EventType "team-tourn"]
[EventCountry "CRO"]
[SourceTitle "playchess.com"]
[Source "ChessBase"]
[SourceQuality "1"]

{[%evp 16,117,39,29,26,30,43,11,93,70,109,47,68,20,20,20,81,75,93,70,95,92,111,107,100,99,154,154,181,140,133,134,141,141,131,128,159,160,239,238,229,237,224,169,225,217,271,256,252,224,272,256,256,171,190,111,109,112,163,149,479,382,918,608,547,64,67,52,50,56,56,56,58,51,59,60,72,72,72,72,72,72,84,74,76,52,45,50,56,57,29980,29981,29981,29982,29980,1093,29993,29994,29994,29990,29995,29996,29997,29998]} 1. Nf3 Nf6 2. g3 g6 3. b3 Bg7 4. Bb2 O-O 5. Bg2 d6 6. d4 e5 7. dxe5 Ng4 8. Qc1 Nxe5 {A49: Königsindisch (ohne c2-c4)} 9. Nxe5 {LiveBook: 5 Partien} Bxe5 10. Bxe5 dxe5 {Weiß hat minimalen Vorteil.} 11. h4 e4 $146 (11... c6 $11) ({Vorgänger:} 11... h5 12. Nc3 c6 13. O-O Qe7 14. Qh6 Re8 15. Ne4 Nd7 16. f4 {½-½ (28) Belezky,A (2404)-Mrdja,M (2367) Savigliano 2007}) 12. Bxe4 Re8 13. Bg2 (13. Qd2 $16) 13... Nc6 14. e3 Qf6 15. Nd2 Nd4 (15... Bf5 $11 {bleibt in der Remisbreite.}) 16. c3 $16 Nb5 17. Qb2 Bf5 18. a4 Nd6 19. O-O Rad8 20. Rfe1 b5 ({Besser ist} 20... Ne4 21. Nxe4 Bxe4) 21. e4 Bc8 22. f4 Nb7 23. axb5 Qb6+ 24. Kh2 $1 Qxb5 25. Bf1 Qc6 26. b4 ({Vergiftet wäre} 26. Rxa7 $2 Qc5 $19) 26... a5 {[#]} (26... Nd6 $16 27. Bg2 (27. Rxa7 $2 Qb6 $19) 27... Bb7) 27. e5 $1 $18 ({Viel schwächer ist} 27. bxa5 $6 Nc5) 27... axb4 28. cxb4 Bf5 29. Bg2 Qb6 (29... Qb5 $142 30. Rac1 Re7) 30. Nc4 Qb5 31. Rec1 Be6 32. Ra7 Bd5 33. Bf1 {Sd6 ist eine echte Drohung.} Bxc4 34. Rxc4 Qb6 35. Ra3 (35. Ra2 $18) 35... Rd1 $16 36. Bg2 Red8 (36... Nd8 $16) 37. Rc2 $18 ({Nicht} 37. Rc6 $2 Qg1+ 38. Kh3 R1d2 $19) 37... Qg1+ $2 (37... R8d7 $16 38. e6 fxe6) 38. Kh3 R1d3 $2 (38... Qb6 39. Rc6 Qd4 40. Qxd4 R8xd4) 39. Rxd3 Rxd3 40. Rc3 $2 (40. Rd2 $18 Re3 41. Rf2) 40... Qd4 $14 41. Rb3 Qd7+ 42. Kh2 Rd2 43. Qc3 $1 Nd8 $1 44. Rb2 Rd3 45. Qc2 Ne6 46. Bh3 Qd4 {...Sxf4 wäre jetzt gut für Schwarz.} 47. Bxe6 $1 fxe6 $16 {[%mdl 4096] Endspiel KDT-KDT} 48. Ra2 Rc3 49. Qd2 Rd3 50. Qe2 Rd1 51. Qg2 {Und weiter mit Dc6 wäre nett.} Qxb4 52. Qc6 Qb3 $2 {[%mdl 8192]} (52... Qe7 $14) 53. Qe8+ Kg7 54. Qe7+ Kh6 55. Rg2 (55. Qf8+ $142 Kh5 {[#]} 56. g4+ $1 {[%mdl 512]} Kxg4 57. Rg2+ Kf3 58. Rg3+ Ke4 59. Rxb3 Rd4 60. Qf7) 55... Qb8 56. g4 {[%cal Bg3g4,Bg4g5][%mdl 32] Weiß setzt Matt.} Qg8 57. g5+ Kh5 58. Qa3 Rf1 59. Qg3 {Precision: Weiß = 68%, Schwarz = 38%.} 1-0